| 000 | 01111nam a22003255i 4500 | ||
|---|---|---|---|
| 001 | 015500042 | ||
| 003 | EG-ScBUE | ||
| 005 | 20250812091944.0 | ||
| 008 | 100226t2010 nyua f bd 001 0 eng d | ||
| 020 | _a9781429218153 | ||
| 020 | _a9781429239899 | ||
| 040 |
_aEG-ScBuE _beng _erda _cEG-ScBuE _dEG-ScBUE |
||
| 082 | 0 | 4 |
_a545 _222 _bHAR |
| 100 | 1 |
_aHarris, Daniel C., _d1948- _930057 _eauthor. |
|
| 245 | 1 | 0 |
_aQuantitative chemical analysis / _cDaniel C. Harris, Michelson Laboratory, China Lake, California. |
| 250 | _aEighth edition. | ||
| 264 | 1 |
_aNew York : _bW. H. Freeman and Company, _c[2010] |
|
| 264 | 4 | _cc2010 | |
| 300 |
_a1 volume (various pagings) : _bcolor illustrations ; _c29 cm |
||
| 336 |
_2rdacontent _atext _btxt |
||
| 337 |
_aunmediated _2rdamedia _bn |
||
| 338 |
_avolume _bnc _2rdacarrier |
||
| 500 | _aIncludes glossary. | ||
| 504 | _aIncludes bibliographical references and index. | ||
| 650 | 7 |
_aChemistry, Analytic _xQuantitative. _96411 _2BUEsh |
|
| 653 |
_bPPhrm _cJune2012 _cOctober2014 |
||
| 655 |
_vReading book _933728 |
||
| 942 |
_2ddc _cBB |
||
| 999 |
_c16756 _d16756 |
||